[Event "2. Bundesliga West 2014/15"]
[Site "Diverse"]
[Date "2014.11.30"]
[Round "5"]
[Board "3"]
[White "Koepke, Christian"]
[Black "Anistratov, Dmitrij"]
[Result "1/2-1/2"]
[WhiteElo "2322"]
[BlackElo "2305"]
[PlyCount "143"]
[EventDate "2014.10.10"]
[EventType "team"]
[EventRounds "11"]
[EventCountry "AUT"]
[WhiteTeam "Kufstein / Woergl"]
[BlackTeam "Goetzis"]

1.e4 d6 2.d4 Nf6 3.Nc3 e5 4.Nf3 Nbd7 5.Bc4 Be7 6.a4 O-O 7.O-O c6 8.h3 a5 9.Re1 exd4
10.Qxd4 Nc5 11.Bf4 Be6 12.Rad1 Ne8 13.Bf1 Qb6 14.Qe3 Rd8 15.Nd4 Nc7 16.Qg3 Ne8 17.b3
Qb4 18.Nxe6 Nxe6 19.Bd2 Qb6 20.Be3 Qc7 21.Bc4 Bf6 22.Ne2 Qe7 23.Bb6 Ra8 24.Qd3 g6
25.f3 Be5 26.Qd2 Qh4 27.Rf1 Nf4 28.Nxf4 Bxf4 29.Be3 Bxe3+ 30.Qxe3 Qg3 31.Qb6 Nf6 32.Qxb7
Rad8 33.Qb6 Nh5 34.Qf2 Qf4 35.Rfe1 Rfe8 36.Qd2 Qg3 37.Qf2 Qf4 38.Re2 Re5 39.Qe3 Qg3
40.Qf2 Qf4 41.Red2 Ree8 42.Rd4 Kg7 43.Bf1 Re6 44.Qd2 Qg3 45.Qe1 Qe5 46.Qd2 Rf6 47.Qf2
Qg5 48.Rc4 Nf4 49.g3 d5 50.exd5 Rxd5 51.Rxd5 Nxd5 52.f4 Qf5 53.Bg2 Nb4 54.Rc5 Qd7
55.Rxa5 Qd1+ 56.Kh2 Rd6 57.f5 Nxc2 58.Re5 Nd4 59.fxg6 hxg6 60.Qe1 Qxb3 61.Re8 Nf3+
62.Bxf3 Qxf3 63.Qe5+ Rf6 64.g4 Kh7 65.Qg3 Qf2+ 66.Qxf2 Rxf2+ 67.Kg3 Ra2 68.Re4 Ra3+
69.Kg2 Kh6 70.h4 f5 71.gxf5 gxf5 72.Rf4 1/2-1/2

[Event "2. Bundesliga West 2014/15"]
[Site "Diverse"]
[Date "2014.11.30"]
[Round "5"]
[Board "4"]
[White "Mittelberger, Peter"]
[Black "Rusche, Johannes"]
[Result "1-0"]
[WhiteElo "2203"]
[BlackElo "2274"]
[PlyCount "120"]
[EventDate "2014.10.10"]
[EventType "team"]
[EventRounds "11"]
[EventCountry "AUT"]
[WhiteTeam "Goetzis"]
[BlackTeam "Kufstein / Woergl"]

1.e4 e5 2.Nf3 Nc6 3.d4 exd4 4.Nxd4 Nf6 5.Nxc6 bxc6 6.Bd3 d5 7.Nc3 Bb4 8.exd5 cxd5
9.O-O O-O 10.Bg5 c6 11.Qf3 Bd6 12.h3 Rb8 13.Rab1 h6 14.Bf4 Re8 15.b3 Rb7 16.Ba6 Rbe7
17.Bxd6 Qxd6 18.Bxc8 Rxc8 19.Rfe1 Rce8 20.Rxe7 Rxe7 21.Qd3 Qe5 22.Rd1 Nd7 23.Na4 Qe2
24.Qxe2 Rxe2 25.Rc1 Kf8 26.Kf1 Re5 27.c4 c5 28.cxd5 Rxd5 29.Ke2 Ke7 30.f4 Rf5 31.g4
Rxf4 32.Nxc5 Rd4 33.Nxd7 Rxd7 34.Ke3 Kf6 35.Rc5 Rd6 36.Ra5 a6 37.Ke4 g5 38.b4 Kg6
39.Ra3 h5 40.Rf3 hxg4 41.hxg4 Rd2 42.Ra3 Rd6 43.Ke5 Rb6 44.Ra4 f6+ 45.Ke4 Rd6 46.a3
Kf7 47.Ra5 Ke6 48.a4 Rc6 49.Rc5 Rb6 50.b5 axb5 51.axb5 Ke7 52.Kf5 Kf7 53.Ke4 Ke7 54.Rd5
Re6+ 55.Kd4 Re1 56.b6 Rb1 57.Kc5 Ke6 58.Rf5 Rb2 59.Kc6 Rc2+ 60.Rc5 Rb2 1-0

[Event "2. Bundesliga West 2014/15"]
[Site "Diverse"]
[Date "2014.11.30"]
[Round "5"]
[Board "5"]
[White "Neuschmied, Siegfried"]
[Black "Quintero Ortega, Carlos"]
[Result "1/2-1/2"]
[WhiteElo "2246"]
[BlackElo "2190"]
[PlyCount "102"]
[EventDate "2014.10.10"]
[EventType "team"]
[EventRounds "11"]
[EventCountry "AUT"]
[WhiteTeam "Kufstein / Woergl"]
[BlackTeam "Goetzis"]

1.e4 c5 2.Nf3 e6 3.c4 Nc6 4.Nc3 e5 5.d3 Nf6 6.Be2 Be7 7.O-O d6 8.Ne1 O-O 9.f4 exf4
10.Bxf4 Be6 11.Nc2 Nd7 12.Qd2 Nde5 13.Kh1 Re8 14.Rab1 Ng6 15.Be3 Bf6 16.d4 cxd4 17.Nxd4
Nxd4 18.Bxd4 Be5 19.Qe3 a6 20.b3 Qh4 21.g3 Qh3 22.Rf2 Ne7 23.Bf1 Qg4 24.Bg2 Nc6 25.Bb6
h5 26.Bf3 Qg6 27.Ne2 Bg4 28.Bg2 Bxe2 29.Rxe2 Re7 30.Rf1 h4 31.gxh4 Qh5 32.Qf2 Bf6
33.Rd2 Bxh4 34.Qf5 Qh6 35.Rd3 g6 36.Qh3 Re6 37.Rfd1 Ne5 38.R3d2 Qf4 39.Be3 Qg4 40.Rxd6
Rxd6 41.Rxd6 Qe2 42.Bf1 Qe1 43.Rd2 Rd8 44.Rxd8+ Bxd8 45.Kg1 Ng4 46.Qxg4 Qxe3+ 47.Kg2
Bb6 48.Qe2 Qg5+ 49.Kh3 Qh6+ 50.Kg2 Qg5+ 51.Kh3 Qh6+ 1/2-1/2

[Event "2. Bundesliga West 2014/15"]
[Site "Diverse"]
[Date "2014.11.30"]
[Round "5"]
[Board "6"]
[White "Kranz, Armin"]
[Black "Kranewitter, Norbert"]
[Result "1-0"]
[WhiteElo "2131"]
[BlackElo "2049"]
[PlyCount "79"]
[EventDate "2014.10.10"]
[EventType "team"]
[EventRounds "11"]
[EventCountry "AUT"]
[WhiteTeam "Goetzis"]
[BlackTeam "Kufstein / Woergl"]

1.d4 Nf6 2.Nf3 e6 3.c4 Bb4+ 4.Bd2 c5 5.e3 O-O 6.Bd3 Nc6 7.Bxb4 cxb4 8.Nbd2 d6 9.O-O
a5 10.Qc2 e5 11.c5 Re8 12.Ne4 dxc5 13.dxc5 Nxe4 14.Bxe4 g6 15.Rfd1 Qc7 16.Rd6 Bg4
17.Ng5 Ne7 18.Qc4 Rf8 19.Rf6 Nc8 20.Bd5 Qd7 21.Rxf7 Rxf7 22.Nxf7 Ne7 23.Nd6+ Nxd5
24.Qxd5+ Be6 25.Qxe5 Rf8 26.h3 Bxh3 27.gxh3 Qxh3 28.Ne4 Qg4+ 29.Ng3 Rd8 30.Kg2 h5
31.Rh1 Rd2 32.Qb8+ Kg7 33.Qxb7+ Kh6 34.Qb8 h4 35.Qf8+ Kh7 36.Qe7+ Kg8 37.Rxh4 Qd7
38.Qxd7 Rxd7 39.c6 Rd2 40.Rc4 1-0

[Event "2. Bundesliga West 2014/15"]
[Site "Diverse"]
[Date "2014.11.30"]
[Round "5"]
[Board "1"]
[White "Berchtenbreiter, Maximilian"]
[Black "Jorczik, Julian"]
[Result "1/2-1/2"]
[WhiteElo "2384"]
[BlackElo "2385"]
[PlyCount "71"]
[EventDate "2014.10.10"]
[EventType "team"]
[EventRounds "11"]
[EventCountry "AUT"]
[WhiteTeam "HAK/HAS Innsbruck"]
[BlackTeam "Bregenz"]

1.d4 e6 2.c4 Nf6 3.Nc3 Bb4 4.f3 d5 5.a3 Bxc3+ 6.bxc3 O-O 7.Bg5 b6 8.e4 dxe4 9.fxe4
h6 10.Bxf6 Qxf6 11.Nf3 Qf4 12.Bd3 Qe3+ 13.Kf1 Nd7 14.Ra2 Bb7 15.Re2 Qf4 16.Kf2 Qd6
17.Qb3 e5 18.Rf1 Rae8 19.a4 a5 20.Qb1 Bc6 21.Bc2 Re7 22.Kg1 Rfe8 23.c5 bxc5 24.d5
Rb8 25.Qc1 Bb7 26.Nh4 Ba6 27.Nf5 Qf6 28.c4 Bxc4 29.Ne3 Qa6 30.Nxc4 Qxc4 31.Re3 Rb6
32.h3 Re8 33.Kh2 Reb8 34.Rg3 Rd6 35.Qd1 Nf6 36.Rf5 1/2-1/2

[Event "2. Bundesliga West 2014/15"]
[Site "Diverse"]
[Date "2014.11.30"]
[Round "5"]
[Board "2"]
[White "Weindl, Alfred"]
[Black "Nuber, Blasius"]
[Result "1/2-1/2"]
[WhiteElo "2331"]
[BlackElo "2349"]
[PlyCount "68"]
[EventDate "2014.10.10"]
[EventType "team"]
[EventRounds "11"]
[EventCountry "AUT"]
[WhiteTeam "Bregenz"]
[BlackTeam "HAK/HAS Innsbruck"]

1.Nf3 Nf6 2.g3 b5 3.Bg2 Bb7 4.O-O e6 5.d3 Be7 6.e4 d6 7.Na3 a6 8.c4 b4 9.Qa4+ Nc6
10.Nc2 a5 11.Nfd4 Qd7 12.Qb5 Nxd4 13.Nxd4 Qxb5 14.cxb5 Nd7 15.Be3 Nc5 16.Rfd1 Bf6
17.Rac1 Rb8 18.f4 e5 19.fxe5 Bxe5 20.Rd2 Bf6 21.Nb3 Nxb3 22.axb3 Bd8 23.Ba7 Ra8 24.Be3
O-O 25.Rdc2 f5 26.Rf1 fxe4 27.Rxf8+ Kxf8 28.dxe4 a4 29.bxa4 Rxa4 30.Rc4 Ra1+ 31.Kf2
b3 32.Rc3 Ra4 33.Rxb3 Bxe4 34.Bxe4 Rxe4 1/2-1/2

[Event "2. Bundesliga West 2014/15"]
[Site "Diverse"]
[Date "2014.11.30"]
[Round "5"]
[Board "3"]
[White "Niedermeier, Thomas"]
[Black "Dobosz, Henryk"]
[Result "1/2-1/2"]
[WhiteElo "2194"]
[BlackElo "2389"]
[PlyCount "80"]
[EventDate "2014.10.10"]
[EventType "team"]
[EventRounds "11"]
[EventCountry "AUT"]
[WhiteTeam "HAK/HAS Innsbruck"]
[BlackTeam "Bregenz"]

1.e4 d6 2.d4 Nf6 3.Nc3 e5 4.Nf3 Nbd7 5.g4 g6 6.h3 Bg7 7.Bg2 c6 8.a4 O-O 9.O-O Re8
10.Bg5 Qe7 11.Qd2 Qf8 12.Bh4 b6 13.Rad1 h6 14.Rfe1 Bb7 15.Bg3 Rad8 16.dxe5 Nxe5 17.Nd4
d5 18.exd5 Nxd5 19.Nxd5 cxd5 20.b3 Qc5 21.Bf4 Kh7 22.Be3 Qc8 23.f4 Nd7 24.Nb5 Nc5
25.Nxa7 Qb8 26.Nb5 d4 27.Bxd4 Rxe1+ 28.Qxe1 Bxg2 29.Bxg7 Ba8 30.Rxd8 Qxd8 31.Bd4 Qd5
32.Qe2 Qh1+ 33.Kf2 Ne4+ 34.Ke3 Qxh3+ 35.Qf3 Qh2 36.Qe2 Qg3+ 37.Qf3 Qe1+ 38.Qe2 Qc1+
39.Kd3 Qxf4 40.c4 Qc1 1/2-1/2

[Event "2. Bundesliga West 2014/15"]
[Site "Diverse"]
[Date "2014.11.30"]
[Round "5"]
[Board "4"]
[White "Abhau, Jochen"]
[Black "Hajdarevic, Dino"]
[Result "1/2-1/2"]
[WhiteElo "2265"]
[BlackElo "2135"]
[PlyCount "61"]
[EventDate "2014.10.10"]
[EventType "team"]
[EventRounds "11"]
[EventCountry "AUT"]
[WhiteTeam "Bregenz"]
[BlackTeam "HAK/HAS Innsbruck"]

1.Nf3 Nf6 2.g3 d5 3.Bg2 g6 4.d4 Bg7 5.c4 c6 6.cxd5 cxd5 7.O-O O-O 8.Ne5 Nc6 9.Nxc6
bxc6 10.Nc3 Bf5 11.Be3 Ng4 12.Bg5 h6 13.Bf4 e5 14.dxe5 Nxe5 15.Rc1 Re8 16.Na4 Rc8
17.b3 Qe7 18.Re1 Red8 19.Bd2 c5 20.Ba5 Rd7 21.Bxd5 Qd6 22.e4 Bg4 23.Qc2 Nf3+ 24.Kg2
Nxe1+ 25.Bxe1 Bd4 26.Bc3 Qf6 27.f4 Re8 28.Bxd4 Qxd4 29.Nc3 Rde7 30.Nb5 Qe3 31.Nd6 1/2-1/2

[Event "2. Bundesliga West 2014/15"]
[Site "Diverse"]
[Date "2014.11.30"]
[Round "5"]
[Board "5"]
[White "Meier, Alexander"]
[Black "Bezler, Rainer"]
[Result "0-1"]
[WhiteElo "2186"]
[BlackElo "2215"]
[PlyCount "72"]
[EventDate "2014.10.10"]
[EventType "team"]
[EventRounds "11"]
[EventCountry "AUT"]
[WhiteTeam "HAK/HAS Innsbruck"]
[BlackTeam "Bregenz"]

1.e4 d6 2.d4 Nf6 3.Nc3 g6 4.Be3 c6 5.h3 Nbd7 6.Nf3 e5 7.dxe5 dxe5 8.Be2 Qe7 9.O-O
Bg7 10.Nd2 O-O 11.a4 Nc5 12.Bc4 Rd8 13.Qe2 Ne6 14.Bxe6 Bxe6 15.Nb3 Nh5 16.Nc5 Nf4
17.Qf3 Bc4 18.Rfd1 b6 19.Bxf4 exf4 20.Nd3 g5 21.h4 h6 22.hxg5 hxg5 23.Re1 Rd6 24.Rad1
Re6 25.Rd2 Re8 26.Rde2 Qf6 27.Qg4 Qh6 28.Qh3 Qg6 29.Qf3 Qh7 30.g3 Rh6 31.gxf4 Bxd3
32.cxd3 Rh3 33.Qg4 gxf4 34.Kg2 f3+ 35.Qxf3 Rxf3 36.Kxf3 Qh3+ 0-1

[Event "2. Bundesliga West 2014/15"]
[Site "Diverse"]
[Date "2014.11.30"]
[Round "5"]
[Board "6"]
[White "Poettinger, Harald"]
[Black "Sucher, Johannes"]
[Result "1-0"]
[WhiteElo "2212"]
[BlackElo "2169"]
[PlyCount "111"]
[EventDate "2014.10.10"]
[EventType "team"]
[EventRounds "11"]
[EventCountry "AUT"]
[WhiteTeam "Bregenz"]
[BlackTeam "HAK/HAS Innsbruck"]

1.c4 e5 2.g3 Nf6 3.Bg2 d5 4.cxd5 Nxd5 5.Nf3 Nc6 6.O-O Be7 7.d4 e4 8.Ne5 f5 9.Nxc6
bxc6 10.Qc2 Nb4 11.Qa4 Bd7 12.a3 Nd5 13.Qc2 O-O 14.Nd2 Bf6 15.Nb3 Qe8 16.e3 Qh5 17.Na5
Rae8 18.Nxc6 Re6 19.Nb4 Nxb4 20.axb4 Bd8 21.Qd1 Qxd1 22.Rxd1 a6 23.Bf1 Bb5 24.Bd2
Rb6 25.Bxb5 axb5 26.Rdc1 Kf7 27.Rc5 Ke6 28.d5+ Kd6 29.Ra5 Bf6 30.Bc3 Rfb8 31.Bxf6
gxf6 32.Kg2 R8b7 33.Kf1 Ke5 34.Ra8 Kd6 35.Kg2 Rb8 36.Ra5 R8b7 37.Kf1 Ke5 38.Ke2 Kd6
39.Kd2 h5 40.h4 Rb8 41.Kc3 R8b7 42.Kd4 Kd7 43.Ra8 Rb8 44.Rxb8 Rxb8 45.Rc6 Rb6 46.Kc5
Rxc6+ 47.dxc6+ Ke6 48.Kxb5 Kd5 49.Ka6 Kxc6 50.b5+ Kc5 51.Kb7 Kxb5 52.Kxc7 Kc4 53.Kd6
Kd3 54.Ke6 Ke2 55.Kxf5 Kxf2 56.Kf4 1-0

[Event "2. Bundesliga West 2014/15"]
[Site "Diverse"]
[Date "2014.11.30"]
[Round "5"]
[Board "1"]
[White "Thoma, Robert"]
[Black "Schramm, Christian"]
[Result "1/2-1/2"]
[WhiteElo "2350"]
[BlackElo "2397"]
[PlyCount "60"]
[EventDate "2014.10.10"]
[EventType "team"]
[EventRounds "11"]
[EventCountry "AUT"]
[WhiteTeam "Dornbirn"]
[BlackTeam "SIR Bernhard 2"]

1.c4 Nf6 2.g3 e6 3.Bg2 c5 4.Nf3 Be7 5.O-O O-O 6.d4 cxd4 7.Nxd4 a6 8.Nc3 Qc7 9.Qd3
d6 10.b3 Nc6 11.Bb2 Nxd4 12.Qxd4 Rb8 13.Rac1 b6 14.Rfd1 Bb7 15.e4 Rfd8 16.h3 Bf8 17.Rd2
Rbc8 18.Kh2 Nd7 19.f4 Qb8 20.Rcd1 Qa8 21.Qe3 Bc6 22.Ba3 Nc5 23.Qe2 e5 24.Nd5 Qb8 25.h4
Bxd5 26.Rxd5 exf4 27.gxf4 Re8 28.Bxc5 Rxc5 29.Rxc5 bxc5 30.Rd5 a5 1/2-1/2

[Event "2. Bundesliga West 2014/15"]
[Site "Diverse"]
[Date "2014.11.30"]
[Round "5"]
[Board "2"]
[White "Durakovic, Alman"]
[Black "Leutwyler, Martin"]
[Result "1/2-1/2"]
[WhiteElo "2314"]
[BlackElo "2190"]
[PlyCount "85"]
[EventDate "2014.10.10"]
[EventType "team"]
[EventRounds "11"]
[EventCountry "AUT"]
[WhiteTeam "SIR Bernhard 2"]
[BlackTeam "Dornbirn"]

1.d4 d5 2.c4 c6 3.Nc3 Nf6 4.e3 a6 5.Nf3 b5 6.b3 Bg4 7.h3 Bxf3 8.Qxf3 e6 9.Qd1 Nbd7
10.Be2 Bb4 11.Bd2 O-O 12.O-O Qe7 13.Nb1 Bd6 14.Bc3 Ne4 15.Bb2 f5 16.Nd2 Nxd2 17.Qxd2
Nf6 18.Bd3 Ne4 19.Qe2 Rf6 20.Bxe4 fxe4 21.f4 exf3 22.Rxf3 Rxf3 23.Qxf3 Rf8 24.Qe2
Qh4 25.Rf1 Rxf1+ 26.Kxf1 Qe4 27.cxd5 Bg3 28.Bc1 cxd5 29.Qf3 Qc2 30.Qxg3 Qxc1+ 31.Kf2
Qc2+ 32.Kg1 Qxa2 33.Qb8+ Kf7 34.Qc7+ Kf6 35.Qe5+ Kf7 36.Qc7+ Kf6 37.Qe5+ Kf7 38.Qh5+
Kf6 39.Qh4+ Kf7 40.Qf4+ Ke7 41.Qg5+ Kf7 42.Qf4+ Ke7 43.Qc7+ 1/2-1/2

[Event "2. Bundesliga West 2014/15"]
[Site "Diverse"]
[Date "2014.11.30"]
[Round "5"]
[Board "3"]
[White "Novkovic, Julia"]
[Black "Velickovic, Zoran"]
[Result "*"]
[WhiteElo "2156"]
[BlackElo "2398"]
[PlyCount "51"]
[EventDate "2014.10.10"]
[EventType "team"]
[EventRounds "11"]
[EventCountry "AUT"]
[WhiteTeam "Dornbirn"]
[BlackTeam "SIR Bernhard 2"]

1.e4 c5 2.Nc3 g6 3.g3 Bg7 4.Bg2 Nc6 5.d3 d6 6.Be3 Rb8 7.Qd2 e5 8.f4 Nf6 9.h3 Nh5 10.Qf2
Qb6 11.Nd1 exf4 12.gxf4 f5 13.Ne2 Nd4 14.Nxd4 cxd4 15.Bd2 fxe4 16.dxe4 O-O 17.O-O
Bd7 18.a4 Rbe8 19.b4 Bc6 20.a5 Qd8 21.Qf3 Bxe4 22.Qb3+ Kh8 23.Bxe4 Rxe4 24.Nf2 Re2
25.Rad1 Qh4 26.Qf3

[Event "2. Bundesliga West 2014/15"]
[Site "Diverse"]
[Date "2014.11.30"]
[Round "5"]
[Board "4"]
[White "Harringer, Franz"]
[Black "Kanonier, Clemens"]
[Result "*"]
[WhiteElo "2239"]
[BlackElo "2117"]
[PlyCount "98"]
[EventDate "2014.10.10"]
[EventType "team"]
[EventRounds "11"]
[EventCountry "AUT"]
[WhiteTeam "SIR Bernhard 2"]
[BlackTeam "Dornbirn"]

1.e4 e5 2.Nf3 Nc6 3.Bb5 a6 4.Ba4 Nf6 5.O-O Nxe4 6.d4 b5 7.Bb3 d5 8.dxe5 Be6 9.Be3
Be7 10.c3 O-O 11.Nbd2 Bg4 12.Nxe4 dxe4 13.Qd5 Qxd5 14.Bxd5 exf3 15.Bxc6 fxg2 16.Kxg2
Rad8 17.Kg3 Bf5 18.Rfd1 f6 19.Bd4 Bc2 20.exf6 Bxf6 21.Rd2 Bg6 22.Rad1 Rd6 23.Bf3 Bh4+
24.Kg2 Rxf3 25.Kxf3 Bh5+ 26.Ke3 Bxd1 27.Rxd1 c5 28.f4 cxd4+ 29.cxd4 Bf6 30.b3 Kf7
31.Ke4 Ke7 32.d5 b4 33.Rc1 Bc3 34.Rc2 Rh6 35.a3 a5 36.axb4 axb4 37.Ra2 Rd6 38.Ra8
Rd8 39.Ra7+ Rd7 40.Ra6 Kf7 41.d6 g6 42.Kd5 Bd2 43.Ke5 Be3 44.Rc6 Ke8 45.Rc8+ Rd8 46.Rc4
Bd2 47.h3 g5 48.Ke6 gxf4 49.Rc7 f3

[Event "2. Bundesliga West 2014/15"]
[Site "Diverse"]
[Date "2014.11.30"]
[Round "5"]
[Board "5"]
[White "Proyer, Enno"]
[Black "Wieneroiter, Gerald"]
[Result "1/2-1/2"]
[WhiteElo "1906"]
[BlackElo "2140"]
[PlyCount "101"]
[EventDate "2014.10.10"]
[EventType "team"]
[EventRounds "11"]
[EventCountry "AUT"]
[WhiteTeam "Dornbirn"]
[BlackTeam "SIR Bernhard 2"]

1.d4 d5 2.c4 c6 3.Nf3 Nf6 4.e3 e6 5.b3 Bb4+ 6.Nbd2 Ne4 7.Bb2 f5 8.a3 Bd6 9.Be2 O-O
10.O-O Nd7 11.Ne5 Nxe5 12.dxe5 Bc5 13.b4 Bb6 14.c5 Nxd2 15.Qxd2 Bc7 16.Bd4 Rf7 17.f4
b6 18.Rfc1 Bb7 19.a4 g5 20.Ra2 g4 21.Rca1 a5 22.b5 bxc5 23.Bxc5 Bb6 24.Rc2 Rc8 25.Rb1
cxb5 26.Rxb5 Rfc7 27.Bxb6 Rxc2 28.Qxc2 Rxc2 29.Bxd8 Ba6 30.Rb6 Bxe2 31.Rxe6 Ra2 32.Bxa5
Rxa4 33.Bb6 Bd3 34.Re8+ Kf7 35.Rh8 Be4 36.Rxh7+ Kg6 37.Rh8 Ra1+ 38.Kf2 Ra2+ 39.Ke1
Kg7 40.Rh4 Ra6 41.Bd4 Bxg2 42.e6+ Kg6 43.e7 Re6 44.Bc5 d4 45.Rh8 Bc6 46.Bxd4 Rxe7
47.Rg8+ Kf7 48.Rg7+ Ke8 49.Rxe7+ Kxe7 50.Kf2 Kf7 51.Kg3 1/2-1/2

[Event "2. Bundesliga West 2014/15"]
[Site "Diverse"]
[Date "2014.11.30"]
[Round "5"]
[Board "6"]
[White "Prodinger, Johannes"]
[Black "Ruescher, Christian"]
[Result "0-1"]
[WhiteElo "1911"]
[BlackElo "2093"]
[PlyCount "73"]
[EventDate "2014.10.10"]
[EventType "team"]
[EventRounds "11"]
[EventCountry "AUT"]
[WhiteTeam "SIR Bernhard 2"]
[BlackTeam "Dornbirn"]

1.Nf3 Nf6 2.c4 c6 3.d4 d5 4.Nc3 dxc4 5.a4 Bf5 6.Ne5 Na6 7.f3 Nd7 8.Nxc4 e5 9.Be3 Nb4
10.Rc1 Qf6 11.g4 exd4 12.Bxd4 Nc2+ 13.Qxc2 Qxd4 14.Qxf5 Qxc4 15.e3 Qc5 16.Qe4+ Be7
17.Kf2 O-O 18.Ne2 Bh4+ 19.Kg2 Qa5 20.Qf5 Qd2 21.Kh3 Bf6 22.Rc2 Qd6 23.Nc3 g6 24.Qd3
Qe7 25.Qe4 Qd6 26.Qd3 Qe6 27.Qe4 Qb3 28.Bc4 Qb6 29.Re1 Rae8 30.Qd3 Ne5 31.Qd4 Qxd4
32.exd4 Nxf3 33.Rxe8 Rxe8 34.Rf2 Ng5+ 35.Kg3 Bxd4 36.Rd2 Bxc3 37.bxc3 0-1

[Event "2. Bundesliga West 2014/15"]
[Site "Diverse"]
[Date "2014.11.30"]
[Round "5"]
[Board "2"]
[White "Kaspret, Guido"]
[Black "Froewis, Georg"]
[Result "1-0"]
[WhiteElo "2308"]
[BlackElo "2434"]
[PlyCount "89"]
[EventDate "2014.10.10"]
[EventType "team"]
[EventRounds "11"]
[EventCountry "AUT"]
[WhiteTeam "Sparkasse Neumarkt"]
[BlackTeam "Hohenems II"]

1.c4 c6 2.Nf3 d5 3.Qc2 Nf6 4.g3 Bg4 5.Bg2 Nbd7 6.d4 dxc4 7.Qxc4 e6 8.O-O Be7 9.Ne5
Bh5 10.Nxd7 Qxd7 11.Nc3 O-O 12.Bg5 Rfd8 13.Rfd1 Rac8 14.a4 h6 15.Bxf6 Bxf6 16.Ne4
Be7 17.Rd2 a5 18.Nc5 Qc7 19.Be4 b6 20.Nd3 c5 21.Nf4 Bg5 22.d5 e5 23.Nxh5 Bxd2 24.Rd1
Bg5 25.h4 Be7 26.Bf5 Rb8 27.Qg4 Bf8 28.Nf6+ Kh8 29.Nd7 Rb7 30.Nxf8 Rxf8 31.d6 Qd8
32.Qe4 Rb8 33.Qxe5 Re8 34.Qd5 Qf6 35.d7 Red8 36.b3 g6 37.Bd3 Kg7 38.Bb5 Ra8 39.Qb7
Rab8 40.Qc7 Qb2 41.Bc4 Qc2 42.Qe5+ Kh7 43.Rd3 Rb7 44.Qe7 Qxd3 45.Qxf7+ 1-0

[Event "2. Bundesliga West 2014/15"]
[Site "Diverse"]
[Date "2014.11.30"]
[Round "5"]
[Board "3"]
[White "Kessler, Luca"]
[Black "Wuppinger, Manfred"]
[Result "1-0"]
[WhiteElo "2324"]
[BlackElo "2073"]
[PlyCount "71"]
[EventDate "2014.10.10"]
[EventType "team"]
[EventRounds "11"]
[EventCountry "AUT"]
[WhiteTeam "Hohenems II"]
[BlackTeam "Sparkasse Neumarkt"]

1.d4 d5 2.c4 e5 3.dxe5 d4 4.Nf3 Nc6 5.Nbd2 Be6 6.g3 Qd7 7.Bg2 O-O-O 8.O-O Be7 9.a3
h5 10.b4 Bh3 11.b5 Na5 12.Qa4 Bxg2 13.Kxg2 b6 14.h4 Qe6 15.Bb2 Bc5 16.Rac1 Nh6 17.Ne4
Qe7 18.Qc2 f5 19.exf6 gxf6 20.Nxc5 Qxc5 21.Qe4 Nf5 22.Qa8+ Kd7 23.Qd5+ Kc8 24.Qxc5
bxc5 25.a4 Rhe8 26.Rc2 Nd6 27.Ba3 Ndb7 28.Ne1 Re4 29.Nd3 Rde8 30.Kf3 Kb8 31.Bxc5 Nb3
32.Bb4 c5 33.bxc6 N7a5 34.Bd6+ Kc8 35.Rb1 Nxc4 36.Rxc4 1-0

[Event "2. Bundesliga West 2014/15"]
[Site "Diverse"]
[Date "2014.11.30"]
[Round "5"]
[Board "4"]
[White "Egger, Martin"]
[Black "Novkovic, Milan"]
[Result "0-1"]
[WhiteElo "2061"]
[BlackElo "2380"]
[PlyCount "94"]
[EventDate "2014.10.10"]
[EventType "team"]
[EventRounds "11"]
[EventCountry "AUT"]
[WhiteTeam "Sparkasse Neumarkt"]
[BlackTeam "Hohenems II"]

1.e4 e6 2.d4 d5 3.Nc3 Nf6 4.Bg5 Be7 5.e5 Nfd7 6.h4 h6 7.Be3 c5 8.Qg4 g6 9.Nf3 Nc6
10.O-O-O cxd4 11.Bxd4 Nxd4 12.Rxd4 a6 13.Bd3 Nc5 14.Bxg6 fxg6 15.Qxg6+ Kd7 16.Nxd5
exd5 17.Rxd5+ Kc7 18.Rxd8 Rxd8 19.Qg7 Re8 20.Nd4 Ne6 21.Nxe6+ Bxe6 22.Qxh6 Bc5 23.Qd2
Rac8 24.f3 Kb8 25.g4 Rf8 26.b4 Be7 27.f4 Bxg4 28.Kb2 Rc4 29.a3 Rcxf4 30.Rg1 Rc4 31.Qd3
Rfc8 32.h5 Bf8 33.h6 Ka8 34.Rxg4 Rxg4 35.Qd7 Rgc4 36.h7 Bh6 37.Qe6 Bg7 38.Qe7 Bh8
39.Kb3 Rxc2 40.Ka4 R2c7 41.Qe6 Ka7 42.Ka5 Rc6 43.Qe7 Rc3 44.b5 R3c5 45.a4 Bxe5 46.Kb4
a5+ 47.Kb3 Rc3+ 0-1

[Event "2. Bundesliga West 2014/15"]
[Site "Diverse"]
[Date "2014.11.30"]
[Round "5"]
[Board "5"]
[White "Burschowsky, Matthias"]
[Black "Baier, Patrick"]
[Result "1-0"]
[WhiteElo "2208"]
[BlackElo "1954"]
[PlyCount "99"]
[EventDate "2014.10.10"]
[EventType "team"]
[EventRounds "11"]
[EventCountry "AUT"]
[WhiteTeam "Hohenems II"]
[BlackTeam "Sparkasse Neumarkt"]

1.c4 Nf6 2.g3 g6 3.Bg2 Bg7 4.Nf3 d6 5.O-O O-O 6.Nc3 c6 7.d3 Qa5 8.h3 Qh5 9.Ng5 h6
10.Bf3 Bg4 11.hxg4 Nxg4 12.Bxg4 Qxg4 13.Nf3 Nd7 14.Kg2 f5 15.Nh2 Qd4 16.e3 Qf6 17.d4
e5 18.dxe5 Nxe5 19.b3 g5 20.f4 Ng4 21.Bd2 Nxe3+ 22.Bxe3 Qxc3 23.Qf3 g4 24.Qf2 Rfe8
25.Rae1 Re4 26.Re2 Rae8 27.Rfe1 Qd3 28.Nf1 Bd4 29.Rd2 Bxe3 30.Rxe3 Rxe3 31.Rxd3 Rxd3
32.Qc2 Rf3 33.Qxf5 Re2+ 34.Kg1 Rff2 35.Qg6+ Kf8 36.Qxh6+ Ke7 37.Qg5+ Ke8 38.Qxg4 Rg2+
39.Kh1 Rgf2 40.Qh3 Rxa2 41.Qe6+ Kd8 42.Qxd6+ Kc8 43.Qe6+ Kc7 44.Qh3 a5 45.Kg1 b5 46.c5
a4 47.Qh7+ Kb8 48.Qg8+ Kb7 49.Qf7+ Ka6 50.Qc7 1-0

[Event "2. Bundesliga West 2014/15"]
[Site "Diverse"]
[Date "2014.11.30"]
[Round "5"]
[Board "6"]
[White "Kampl, Walter"]
[Black "Atlas, Dmitry"]
[Result "0-1"]
[WhiteElo "1890"]
[BlackElo "2220"]
[PlyCount "62"]
[EventDate "2014.10.10"]
[EventType "team"]
[EventRounds "11"]
[EventCountry "AUT"]
[WhiteTeam "Sparkasse Neumarkt"]
[BlackTeam "Hohenems II"]

1.f4 Nf6 2.Nf3 d5 3.e3 e6 4.Be2 c5 5.O-O Nc6 6.d3 b6 7.Qe1 Bb7 8.Nbd2 Qc7 9.Qg3 O-O-O
10.Ne5 Ne8 11.Nxc6 Bxc6 12.a4 a5 13.c4 Nd6 14.cxd5 exd5 15.b3 Kb8 16.Bg4 h5 17.Bh3
f6 18.d4 Ne4 19.Nxe4 dxe4 20.Bb2 Bd5 21.dxc5 Bxc5 22.Rfb1 Bb7 23.Be6 Rd3 24.Re1 h4
25.Qf2 Qd6 26.Bc4 Rd2 27.Re2 Rxe2 28.Qxe2 Qxf4 29.Rf1 Qxe3+ 30.Qxe3 Bxe3+ 31.Kh1 h3 0-1

[Event "2. Bundesliga West 2014/15"]
[Site "Diverse"]
[Date "2014.11.30"]
[Round "5"]
[Board "1"]
[White "Medvegy, Zoltan"]
[Black "Fedorovsky, Michael"]
[Result "1/2-1/2"]
[WhiteElo "2526"]
[BlackElo "2444"]
[PlyCount "109"]
[EventDate "2014.10.10"]
[EventType "team"]
[EventRounds "11"]
[EventCountry "AUT"]
[WhiteTeam "Ranshofen"]
[BlackTeam "Rochade Rum"]

1.Nf3 Nf6 2.c4 e6 3.g3 d5 4.Bg2 Be7 5.O-O O-O 6.d4 dxc4 7.Ne5 Nc6 8.Bxc6 bxc6 9.Nxc6
Qe8 10.Nxe7+ Qxe7 11.Qc2 e5 12.Rd1 exd4 13.Rxd4 c5 14.Rd1 Re8 15.Nc3 Bb7 16.Bg5 h6
17.Bxf6 Qxf6 18.Qd2 Rad8 19.Qf4 Qxf4 20.gxf4 Rd4 21.e3 Rd3 22.Kf1 Ba6 23.Ke1 Re6 24.f5
Re5 25.Rxd3 cxd3 26.e4 c4 27.b4 g6 28.f4 Re8 29.fxg6 fxg6 30.Kd2 Kf7 31.Ke3 Bb7 32.Kd4
g5 33.fxg5 hxg5 34.Rf1+ Kg6 35.a4 a6 36.e5 g4 37.Kxc4 d2 38.Rf6+ Kg5 39.Rd6 Rxe5 40.Rxd2
Kf4 41.b5 axb5+ 42.axb5 Rh5 43.Rb2 Bf3 44.Ne2+ Ke3 45.Nd4 Bd5+ 46.Kc3 Bf3 47.Nc2+
Kf2 48.Nd4+ Kg1 49.b6 Rxh2 50.Rxh2 Kxh2 51.Nxf3+ gxf3 52.b7 f2 53.b8=Q+ Kg1 54.Qg3+
Kh1 55.Qxf2 1/2-1/2

[Event "2. Bundesliga West 2014/15"]
[Site "Diverse"]
[Date "2014.11.30"]
[Round "5"]
[Board "2"]
[White "Braeuer, Franz"]
[Black "Dovzik, Juri"]
[Result "1/2-1/2"]
[WhiteElo "2387"]
[BlackElo "2303"]
[PlyCount "89"]
[EventDate "2014.10.10"]
[EventType "team"]
[EventRounds "11"]
[EventCountry "AUT"]
[WhiteTeam "Rochade Rum"]
[BlackTeam "Ranshofen"]

1.e4 c5 2.Nf3 e6 3.d4 cxd4 4.Nxd4 Nc6 5.Nc3 Qc7 6.Be2 a6 7.O-O Nf6 8.Be3 Bb4 9.Na4
Be7 10.Nxc6 bxc6 11.Nb6 Rb8 12.Nxc8 Rxc8 13.Qd3 O-O 14.f4 a5 15.Rae1 d5 16.e5 Ne4
17.Bf3 Rb8 18.b3 Nc5 19.Qd2 Nd7 20.Rb1 Bc5 21.Bxc5 Nxc5 22.Qd4 Nd7 23.c4 Qb6 24.Qxb6
Rxb6 25.cxd5 cxd5 26.Rbc1 Rb4 27.Rc7 Rd8 28.Rfc1 g5 29.Rc8 Rf8 30.R8c7 Rd8 31.Rc8
Rf8 32.Rxf8+ Kxf8 33.Rc7 Ke8 34.fxg5 Nxe5 35.Bd1 a4 36.Kf2 Rd4 37.Be2 Rd2 38.Ke1 Rxa2
39.bxa4 Kd8 40.Ra7 Ra1+ 41.Kf2 Ra2 42.Kf1 Ra1+ 43.Kf2 Ra2 44.Kf1 Ra1+ 45.Kf2 1/2-1/2